Badly drawn Countries from history - Statistics

General Stats
  • This quiz has been taken 131 times
  • The average score is 5 of 9
Answer Stats
Picture Answer % Correct
Roman Empire
84%
Russian Empire
79%
Ottoman Empire
71%
Mexican Empire
63%
German Empire
61%
British Raj
60%
Napoleonic France
26%
Qing Dynasty
19%
13 Colonies
17%
No matching quizzes found
Score Distribution
Percent of People with Each Score
Percentile by Number Answered
Your Score History
You have not taken this quiz